| 000 | 00488nam a2200169Ia 4500 | ||
|---|---|---|---|
| 008 | 210719s1943 xx 000 0 und d | ||
| 041 | _aeng | ||
| 082 | _a535/178 | ||
| 100 | _aSOMASUNDARAM (V);GOVINDARAJAN (S R) | ||
| 245 | _aSubsidiary physics Vol II:light magnetism and electricity | ||
| 260 |
_aMadras _c1943 |
||
| 300 |
_a171 _bHB |
||
| 365 | _cRs | ||
| 650 | _aElectricity | ||
| 650 | _aElectricity | ||
| 906 | _aelectricity ; II:light ; magnetism ; physics ; Subsidiary ; Vol | ||
| 999 |
_c211676 _d211676 |
||